000 00653cam a2200193 a 4500
020 _a0395900808 (library ed.)
020 _a0395900794 (student text)
050 0 0 _aHD70.U5
_bP68 1999
100 1 _aPride, William M.,
_d1942-
245 1 0 _aBusiness /
_cWilliam M. Pride, Robert J. Hughes, Jack R. Kapoor.
250 _a6th ed.
260 _aBoston :
_bHoughton Mifflin Co.,
_cc1999.
300 _axxxi, 591, 86 p. :
500 _aIncludes index.
650 _xBusiness enterprises ;
_xIndustrial management ;
_xManagement ;
_xBusiness ;
_xUnited States ;
_xCanada.
700 1 _aHughes, Robert James,
700 1 _aKapoor, Jack R.,
942 _2lcc
_cGEN
999 _c10521
_d10521